01005nam a2200229 i 4500003000900000005001700009007000300026008004100029040003000070082001700100245002500117264007900142300006300221336002700284337003300311338002800344500005400372505021400426650007300640650003100713650003100744DO-SdBNP20260429123224.0ta250610b2019 dr abc|| |||| 00| 0 spa d aDO-SdBNPbspacBNPHUerda 4axxxbxxx22210aMemoria anual 2018 / 1aSanto Domingo :bAsociación Dominicana de Rehabilitación, Inc.,c2019. a178 páginas :bIlustraciones, mapas y retratos ;c32 cm. atextobtxt2rdacontent asin mediaciónbn2rdamedia avolumenbnc2rdacarrier aAsamblea Ordinaria de Miembros. 30 de abril 2019. a1.- Filosofía institucionalt2.- Informe de la presidenta--t3.- Informe de tesorería--t4.- Informe de la vice-presidencia ejecutiva--.--t5.- Informe estadístico--t6.- Estructura orgánica de la ADR. 4aOrganizaciones sin ánimo de lucroxCorrespondencia, memorias, etc. 0aParticipación política20aParticipación política